Pracovnoprávne aspekty postavenia managementu obchodných spoločností 1.

Problém právneho postavenia manažmentu obchodných spoločností. Všeobecné ustanovenia Obchodného zákonníka v obchodných spoločnostiach. Verejná obchodná spoločnosť. Spoločník poverený obchodným vedením. Komanditná spoločnosť. Akciová spoločnosť.

Guardado en:
Detalles Bibliográficos
Autor principal: Barancová, Helena
Formato: Capítulo de libro
Lenguaje:eslovaco
Materias:
Etiquetas: Agregar Etiqueta
Sin Etiquetas, Sea el primero en etiquetar este registro!

MARC

LEADER 00000naa a2200000 4500
001 r017256
005 20221213083015.1
041 0 |a slo 
044 |a CZ 
245 1 0 |a Pracovnoprávne aspekty postavenia managementu obchodných spoločností 1.  |c Helena Barancová 
520 |a Problém právneho postavenia manažmentu obchodných spoločností. Všeobecné ustanovenia Obchodného zákonníka v obchodných spoločnostiach. Verejná obchodná spoločnosť. Spoločník poverený obchodným vedením. Komanditná spoločnosť. Akciová spoločnosť. 
610 2 0 |a manažment 
610 2 0 |a spoločnosti obchodné 
610 2 0 |a spoločnosti komanditné 
610 2 0 |a spoločnosti akciové 
610 2 0 |a zákonník obchodný 
100 1 |a Barancová, Helena